[Event "Budapest FS09 Nadassy"]
[Site "Budapest"]
[Date "2018.09.02"]
[Round "2.1"]
[White "Lakat, Gyula"]
[Black "Szalanczy, Emil"]
[Result "1/2-1/2"]
[WhiteElo "1725"]
[BlackElo "2194"]
[PlyCount "64"]
[EventDate "2018.09.01"]
[EventType "schev"]
[EventRounds "10"]
[EventCountry "HUN"]
[SourceTitle "CBM 186 Extra"]
[Source "ChessBase"]
[SourceDate "2018.08.24"]
[SourceVersion "1"]
[SourceVersionDate "2018.08.24"]
[SourceQuality "1"]

1. d4 Nf6 2. Nf3 g6 3. c4 Bg7 4. Nc3 d5 5. g3 0-0 6. cxd5 Nxd5 7. Bg2 c5 8. 0-0 Nxc3 9. bxc3 Nc6 10. e3 Bf5 11. Bb2 Be4 12. Qe2 Qa5 13. Rfc1 Rad8 14. Bf1 cxd4 15. cxd4 Qh5 16. Nd2 Qxe2 17. Bxe2 Bf5 18. Nb3 e5 19. Bb5 exd4 20. Bxc6 bxc6 21. Bxd4 Be4 22. Bxg7 Kxg7 23. Nd4 Rd6 24. Rc3 Rb8 25. Rac1 Rb2 26. f3 Bd5 27. a3 h5 28. R1c2 Rb6 29. Kf2 f5 30. Rd2 Rf6 31. h4 Rf7 32. Rdc2 Rf6 1/2-1/2

[Event "Budapest FS02 FM"]
[Site "Budapest"]
[Date "2018.02.10"]
[Round "7"]
[White "Lakat, Gyula"]
[Black "Szalanczy, Emil"]
[Result "1/2-1/2"]
[WhiteElo "1751"]
[BlackElo "2213"]
[PlyCount "67"]
[EventDate "2018.02.03"]
[EventType "tourn"]
[EventRounds "9"]
[EventCountry "HUN"]
[SourceTitle "CBM 182 Extra"]
[Source "ChessBase"]
[SourceDate "2018.02.23"]
[SourceVersion "1"]
[SourceVersionDate "2018.02.23"]
[SourceQuality "1"]

1. e4 c5 2. Nf3 d6 3. Bb5+ Bd7 4. Bxd7+ Qxd7 5. 0-0 g6 6. Re1 Bg7 7. d4 cxd4 8. Nxd4 Nc6 9. Nxc6 bxc6 10. Qd3 Nf6 11. Nc3 0-0 12. Bd2 Rfb8 13. b3 c5 14. Rad1 a5 15. a4 Qc6 16. Nd5 Nxd5 17. Qxd5 Qxd5 18. exd5 Rb7 19. g3 h5 20. Bg5 f6 21. Bd2 Kf7 22. Re3 Bh6 23. Rd3 Bxd2 24. R1xd2 Rb4 25. Kg2 Rab8 26. Re3 g5 27. Rdd3 R4b7 28. c4 Rd7 29. h3 Re8 30. Re6 Rh8 31. h4 g4 32. Rde3 Rb8 33. Rc3 Rdb7 34. Ree3 1/2-1/2

[Event "Budapest FS02 FM"]
[Site "Budapest"]
[Date "2018.02.05"]
[Round "3"]
[White "Lakat, Gyula"]
[Black "Szabo, A Martin"]
[Result "1/2-1/2"]
[WhiteElo "1751"]
[BlackElo "1803"]
[PlyCount "88"]
[EventDate "2018.02.03"]
[EventType "tourn"]
[EventRounds "9"]
[EventCountry "HUN"]
[SourceTitle "CBM 182 Extra"]
[Source "ChessBase"]
[SourceDate "2018.02.23"]
[SourceVersion "1"]
[SourceVersionDate "2018.02.23"]
[SourceQuality "1"]

1. e4 d6 2. d4 g6 3. c4 Nf6 4. Nc3 Bg7 5. h3 0-0 6. Be3 e5 7. d5 Nbd7 8. Bd3 a5 9. Qd2 Ne8 10. g4 Nc5 11. Bc2 f5 12. gxf5 gxf5 13. exf5 Bxf5 14. Bxf5 Rxf5 15. Nge2 Qh4 16. Ng3 Rf7 17. b3 Rf3 18. Bxc5 dxc5 19. Nce4 b6 20. Qg5 Qf4 21. Rd1 Nd6 22. Qxg7+ Kxg7 23. Nh5+ Kh6 24. Nxf4 Rxf4 25. Ng3 a4 26. 0-0 axb3 27. axb3 Rf3 28. Rde1 Rxb3 29. Rxe5 Nxc4 30. Re7 Rd8 31. Rfe1 Rg8 32. Kh2 Rd3 33. Rxc7 Rxd5 34. Ree7 Re5 35. Rxh7+ Kg6 36. f4 Rd5 37. f5+ Kg5 38. Rh5+ Kf4 39. Rh4+ Kf3 40. Rxc4 Rd2+ 41. Kh1 Kxg3 42. Rc3+ Kf2 43. Rc1 Rh8 44. Rc3 Rg8 1/2-1/2

[Event "Budapest Karacsonyi op"]
[Site "Budapest"]
[Date "2017.12.28"]
[Round "2"]
[White "Lakat, Gyula"]
[Black "Bartuszek, Andras"]
[Result "1-0"]
[WhiteElo "1704"]
[BlackElo "1816"]
[PlyCount "75"]
[EventDate "2017.12.27"]
[EventType "swiss"]
[EventRounds "7"]
[EventCountry "HUN"]
[SourceTitle "CBM 182 Extra"]
[Source "ChessBase"]
[SourceDate "2018.02.23"]
[SourceVersion "1"]
[SourceVersionDate "2018.02.23"]
[SourceQuality "1"]

1. e4 c5 2. Nf3 d6 3. Bb5+ Bd7 4. Bxd7+ Qxd7 5. 0-0 b5 6. c3 Nc6 7. d4 cxd4 8. cxd4 g6 9. Re1 Bg7 10. a3 Rd8 11. Nc3 a6 12. Be3 Nf6 13. h3 0-0 14. Qd2 Na5 15. Rad1 Nc4 16. Qc1 Nxe3 17. Qxe3 Qb7 18. Kh2 b4 19. axb4 Qxb4 20. Qe2 e6 21. Ra1 a5 22. Ra4 Qb6 23. Rea1 Rb8 24. R1a2 Nd7 25. Rxa5 e5 26. Ra6 Qb3 27. Rxd6 exd4 28. Nxd4 Be5+ 29. g3 Qb4 30. Rxd7 Bxd4 31. Ra4 Bxc3 32. Rxb4 Bxb4 33. h4 Rb6 34. Qc4 Be1 35. Qd4 Ba5 36. h5 Re6 37. h6 f6 38. Qa7 1-0

[Event "Budapest FS10 Development"]
[Site "Budapest"]
[Date "2017.10.13"]
[Round "6"]
[White "Lakat, Gyula"]
[Black "Szurkos, Andras"]
[Result "1-0"]
[WhiteElo "1698"]
[BlackElo "1624"]
[PlyCount "111"]
[EventDate "2017.10.07"]
[EventType "tourn"]
[EventRounds "10"]
[EventCountry "HUN"]
[SourceTitle "CBM 181 Extra"]
[Source "ChessBase"]
[SourceDate "2017.12.12"]
[SourceVersion "1"]
[SourceVersionDate "2017.12.12"]
[SourceQuality "1"]

1. d4 d5 2. c4 e5 3. dxe5 d4 4. Nf3 Nc6 5. Bf4 Bb4+ 6. Nbd2 Bg4 7. a3 Bxd2+ 8. Qxd2 Nge7 9. 0-0-0 Bxf3 10. gxf3 Qd7 11. Bg3 0-0-0 12. h4 Kb8 13. Bh3 Nf5 14. e4 Qe6 15. exf5 Qxc4+ 16. Kb1 Qb5 17. f4 Na5 18. Bf1 Qb6 19. Bd3 c5 20. f3 c4 21. Be4 c3 22. Qc2 Nc4 23. Ka2 Ne3 24. Qb3 Qxb3+ 25. Kxb3 Nxd1 26. Rxd1 cxb2 27. Kxb2 Rd7 28. h5 f6 29. Be1 b6 30. Bb4 Rhd8 31. Bd6+ Rxd6 32. exd6 Rxd6 33. Kc2 b5 34. Kd3 Kc7 35. Rc1+ Kb6 36. a4 a6 37. axb5 axb5 38. h6 gxh6 39. Rh1 Kc5 40. Rxh6 Ra6 41. Rxh7 Ra3+ 42. Kd2 Ra2+ 43. Bc2 b4 44. Rc7+ Kb5 45. Kd3 Ra3+ 46. Kxd4 Rxf3 47. Rc5+ Kb6 48. Rc6+ Kb5 49. Rxf6 b3 50. Bxb3 Rxb3 51. Re6 Rb4+ 52. Ke5 Kc5 53. f6 Rb8 54. f7 Rh8 55. Re8 Rh5+ 56. f5 1-0

[Event "Budapest FS10 Development"]
[Site "Budapest"]
[Date "2017.10.09"]
[Round "3"]
[White "Bogad, Peter"]
[Black "Lakat, Gyula"]
[Result "1-0"]
[WhiteElo "1922"]
[BlackElo "1698"]
[PlyCount "41"]
[EventDate "2017.10.07"]
[EventType "tourn"]
[EventRounds "10"]
[EventCountry "HUN"]
[SourceTitle "CBM 181 Extra"]
[Source "ChessBase"]
[SourceDate "2017.12.12"]
[SourceVersion "1"]
[SourceVersionDate "2017.12.12"]
[SourceQuality "1"]

1. g4 d5 2. Bg2 c6 3. h3 e5 4. d4 Bd6 5. dxe5 Bxe5 6. Nf3 Bc7 7. Bg5 Qd6 8. Qd4 f6 9. Bh4 Qf4 10. Qd1 Qb4+ 11. Nbd2 Qxb2 12. 0-0 h5 13. e4 hxg4 14. hxg4 Bxg4 15. Rb1 Qa3 16. Rb3 Qd6 17. Bg3 Qd8 18. exd5 Bxg3 19. fxg3 Qc7 20. Qe1+ Kf7 21. Ne5+ 1-0

[Event "Budapest FS02 FM"]
[Site "Budapest"]
[Date "2017.02.06"]
[Round "3"]
[White "Lakat, Gyula"]
[Black "Juracsik, Jozsef"]
[Result "0-1"]
[WhiteElo "1764"]
[BlackElo "2113"]
[PlyCount "98"]
[EventDate "2017.02.04"]
[EventType "tourn"]
[EventRounds "9"]
[EventCountry "HUN"]
[SourceTitle "EXT 2018"]
[Source "ChessBase"]
[SourceDate "2017.10.13"]
[SourceVersion "1"]
[SourceVersionDate "2017.10.13"]
[SourceQuality "1"]

1. e4 c5 2. Nf3 d6 3. d4 cxd4 4. Nxd4 Nf6 5. Nc3 a6 6. Be2 g6 7. 0-0 Bg7 8. Be3 0-0 9. Qd2 Nc6 10. f3 Qc7 11. Rad1 Bd7 12. Nxc6 bxc6 13. b3 Rfd8 14. a4 d5 15. Bd3 e5 16. Bc5 Be6 17. Qf2 Nd7 18. Ba3 d4 19. Ne2 c5 20. Nc1 c4 21. Be2 Nc5 22. Bxc5 Qxc5 23. c3 cxb3 24. cxd4 exd4 25. Nd3 Qa5 26. Ra1 Rab8 27. Qe1 Qc3 28. Rc1 Qxe1 29. Rfxe1 Bh6 30. f4 b2 31. Rb1 Ba2 32. Rxb2 Rxb2 33. Nxb2 Bxf4 34. Rd1 Rb8 35. Nd3 Be3+ 36. Kf1 Bc4 37. Nc1 Rb4 38. a5 Bb5 39. Bxb5 Rxb5 40. Ne2 Rxa5 41. Nxd4 Ra2 42. Ne2 a5 43. g3 a4 44. Rd3 Bc5 45. Rc3 Bb4 46. Rc8+ Kg7 47. Ra8 a3 48. Kf2 Bc5+ 49. Kf3 Rb2 0-1

[Event "Budapest Karacsonyi op 8th"]
[Site "Budapest"]
[Date "2016.12.29"]
[Round "4"]
[White "Demjen, Mark"]
[Black "Lakat, Gyula"]
[Result "0-1"]
[WhiteElo "1658"]
[BlackElo "1750"]
[PlyCount "56"]
[EventDate "2016.12.27"]
[EventType "swiss"]
[EventRounds "7"]
[EventCountry "HUN"]
[SourceTitle "CBM 176 Extra"]
[Source "ChessBase"]
[SourceDate "2017.03.02"]
[SourceVersion "1"]
[SourceVersionDate "2017.03.02"]
[SourceQuality "1"]

1. e4 e6 2. d4 d5 3. e5 c5 4. c3 Nc6 5. Nf3 cxd4 6. cxd4 Bb4+ 7. Bd2 Qb6 8. Bxb4 Qxb4+ 9. Qd2 f6 10. Nc3 fxe5 11. dxe5 Nge7 12. a3 Qa5 13. b4 Nxb4 14. Bb5+ Nbc6 15. 0-0 0-0 16. Ba4 Rxf3 17. gxf3 d4 18. Ne4 Qxa4 19. Qg5 Kf8 20. Kh1 Nf5 21. Rg1 Nxe5 22. Nd6 Nf7 23. Nxf7 Kxf7 24. Qh5+ Kg8 25. Rg5 Qd7 26. Rag1 Qf7 27. Qg4 Bd7 28. Qe4 Bc6 0-1

[Event "Budapest Karacsonyi op 8th"]
[Site "Budapest"]
[Date "2016.12.28"]
[Round "2"]
[White "Husajina, Nikola"]
[Black "Lakat, Gyula"]
[Result "0-1"]
[WhiteElo "1796"]
[BlackElo "1750"]
[PlyCount "60"]
[EventDate "2016.12.27"]
[EventType "swiss"]
[EventRounds "7"]
[EventCountry "HUN"]
[SourceTitle "CBM 176 Extra"]
[Source "ChessBase"]
[SourceDate "2017.03.02"]
[SourceVersion "1"]
[SourceVersionDate "2017.03.02"]
[SourceQuality "1"]

1. e4 e6 2. Nf3 d5 3. exd5 exd5 4. d4 Nf6 5. Bg5 Be7 6. Bd3 0-0 7. 0-0 Be6 8. c3 Nbd7 9. Re1 h6 10. Bh4 c5 11. Na3 c4 12. Bb1 Qa5 13. Nc2 Rae8 14. Ne3 b5 15. a3 Qc7 16. Qc2 g6 17. Bg3 Bd6 18. Nh4 Bxg3 19. fxg3 Ne4 20. Qe2 Ndf6 21. Bxe4 Nxe4 22. a4 a6 23. axb5 axb5 24. Ng4 Bxg4 25. Qxg4 Kh7 26. Rf1 b4 27. cxb4 Qb6 28. Rfd1 f5 29. Nxf5 Rxf5 30. b5 Nf2 0-1

[Event "Perenyi Memorial"]
[Site "Budapest"]
[Date "2016.01.06"]
[Round "1"]
[White "Grimm, Gyorgy"]
[Black "Lakat, Gyula"]
[Result "1-0"]
[WhiteElo "2183"]
[BlackElo "1768"]
[PlyCount "57"]
[EventDate "2016.01.06"]
[EventType "swiss"]
[EventRounds "9"]
[EventCountry "HUN"]
[SourceTitle "CBM 170 Extra"]
[Source "ChessBase"]
[SourceDate "2016.02.25"]
[SourceVersion "1"]
[SourceVersionDate "2016.02.25"]
[SourceQuality "1"]

1. e4 e6 2. Nf3 c5 3. d4 cxd4 4. Nxd4 a6 5. Bd3 Nc6 6. Nf3 Qc7 7. 0-0 Nf6 8. c4 d6 9. Nc3 Be7 10. h3 0-0 11. Qe2 Ne5 12. Nxe5 dxe5 13. Be3 Bd7 14. Rac1 Bc6 15. Nd5 exd5 16. cxd5 Qd7 17. dxc6 bxc6 18. Rfd1 Qb7 19. Rc4 a5 20. Rdc1 Rfc8 21. R1c3 a4 22. Rc1 Nd7 23. Qc2 c5 24. Rxa4 Rxa4 25. Qxa4 Rd8 26. Qb5 Qc7 27. Qb3 Qa5 28. Bc4 Rf8 29. Qb7 1-0

[Event "Budapest FS12 FM-B"]
[Site "Budapest"]
[Date "2015.12.05"]
[Round "1"]
[White "Lakat, Gyula"]
[Black "Gruz, Janos"]
[Result "1/2-1/2"]
[WhiteElo "1803"]
[BlackElo "1723"]
[PlyCount "28"]
[EventDate "2015.12.05"]
[EventType "tourn"]
[EventRounds "9"]
[EventCountry "HUN"]
[SourceTitle "CBM 170 Extra"]
[Source "ChessBase"]
[SourceDate "2016.02.25"]
[SourceVersion "1"]
[SourceVersionDate "2016.02.25"]
[SourceQuality "1"]

1. e4 c5 2. d4 cxd4 3. c3 dxc3 4. Nxc3 d6 5. Nf3 Nc6 6. Bc4 e6 7. 0-0 Nf6 8. Qe2 Be7 9. Bb3 0-0 10. Rd1 Bd7 11. Bg5 Ne8 12. Bf4 e5 13. Bg3 Bg4 14. h3 Bxf3 1/2-1/2

[Event "Budapest Art Pub op 9th"]
[Site "Budapest"]
[Date "2015.11.22"]
[Round "5"]
[White "Lakat, Gyula"]
[Black "Palczert, Miklos"]
[Result "1-0"]
[WhiteElo "1774"]
[BlackElo "1714"]
[PlyCount "55"]
[EventDate "2015.11.20"]
[EventType "swiss"]
[EventRounds "6"]
[EventCountry "HUN"]
[SourceTitle "CBM 169 Extra"]
[Source "ChessBase"]
[SourceDate "2015.12.18"]
[SourceVersion "1"]
[SourceVersionDate "2015.12.18"]
[SourceQuality "1"]

1. d4 Nf6 2. c4 g6 3. Nc3 d5 4. cxd5 Nxd5 5. e4 Nxc3 6. bxc3 c5 7. Bc4 Bg7 8. Ne2 0-0 9. 0-0 Nc6 10. Rb1 cxd4 11. cxd4 Nxd4 12. Bb2 Nxe2+ 13. Qxe2 Bxb2 14. Qxb2 a6 15. Rfd1 Qa5 16. h4 Rd8 17. Rxd8+ Qxd8 18. Qb3 e6 19. g3 b5 20. Rd1 Qc7 21. Bf1 Bb7 22. Qd3 Rc8 23. Bg2 Qc4 24. Qd7 Qc6 25. Qe7 Rc7 26. Rd8+ Kg7 27. Qf8+ Kf6 28. e5+ 1-0

[Event "Budapest FS08 FM-A"]
[Site "Budapest"]
[Date "2015.08.11"]
[Round "11"]
[White "Lakat, Gyula"]
[Black "Kovacs, Arthur"]
[Result "0-1"]
[WhiteElo "1836"]
[BlackElo "2022"]
[PlyCount "112"]
[EventDate "2015.08.01"]
[EventType "tourn"]
[EventRounds "11"]
[EventCountry "HUN"]
[SourceTitle "CBM 167 Extra"]
[Source "ChessBase"]
[SourceDate "2015.09.14"]
[SourceVersion "1"]
[SourceVersionDate "2015.09.14"]
[SourceQuality "1"]

1. c4 e6 2. Nc3 d5 3. cxd5 exd5 4. Nf3 Nf6 5. g3 Be7 6. Bg2 0-0 7. d4 c6 8. 0-0 Re8 9. Qc2 g6 10. Bg5 Bf5 11. Qd2 Ne4 12. Nxe4 Bxe4 13. Bxe7 Qxe7 14. Rfe1 a5 15. Nh4 Nd7 16. Bxe4 Qxe4 17. Rac1 Nf6 18. Rc3 Qe7 19. f3 Qb4 20. a3 Qd6 21. Rec1 a4 22. Kf2 Nd7 23. Ng2 Re6 24. Nf4 Re7 25. h4 Nb6 26. R1c2 Nc4 27. Qc1 b5 28. h5 g5 29. Ng2 h6 30. Ne3 Qf6 31. Nxc4 bxc4 32. e3 g4 33. f4 Qf5 34. Qh1 Rb8 35. Re2 Re4 36. Qh2 Qe6 37. Kg1 f5 38. Qf2 Re8 39. Kf1 Qf7 40. Qh2 R4e7 41. Ke1 Rb8 42. Kd1 Qe6 43. Kc1 Reb7 44. Qh1 Re8 45. Kb1 Rbe7 46. Ka2 Qe4 47. Qg1 Rb7 48. Qd1 Ra8 49. Qc2 Qxc2 50. Rcxc2 Re8 51. Rc3 Rbe7 52. Kb1 Re4 53. Kc2 Rxd4 54. Re1 Rde4 55. Kd1 Kf7 56. Re2 Ke6 0-1

[Event "Budapest FS08 FM-A"]
[Site "Budapest"]
[Date "2015.08.08"]
[Round "8"]
[White "Fodor, Balazs"]
[Black "Lakat, Gyula"]
[Result "1-0"]
[WhiteElo "1991"]
[BlackElo "1836"]
[PlyCount "65"]
[EventDate "2015.08.01"]
[EventType "tourn"]
[EventRounds "11"]
[EventCountry "HUN"]
[SourceTitle "CBM 167 Extra"]
[Source "ChessBase"]
[SourceDate "2015.09.14"]
[SourceVersion "1"]
[SourceVersionDate "2015.09.14"]
[SourceQuality "1"]

1. d4 Nf6 2. Nf3 d5 3. c4 e6 4. Nc3 Be7 5. Bf4 c6 6. e3 Nbd7 7. Rc1 0-0 8. Bd3 dxc4 9. Bxc4 Nb6 10. Bd3 Nbd5 11. Be5 Qa5 12. Qb3 Nxc3 13. bxc3 b6 14. 0-0 Nd7 15. Be4 Bb7 16. c4 f5 17. Bb1 c5 18. d5 Nxe5 19. Nxe5 g6 20. Rfd1 Rad8 21. dxe6 Rd6 22. Nd7 Rxd1+ 23. Rxd1 Re8 24. Qb2 Qa4 25. Qd2 Qc6 26. Qd5 Qa4 27. Qd3 Qc6 28. Qd5 Qa4 29. Qd3 Qc6 30. e4 fxe4 31. Qh3 Bd8 32. Ne5 Bf6 33. Nxc6 1-0

[Event "Budapest FS08 FM-A"]
[Site "Budapest"]
[Date "2015.08.04"]
[Round "4"]
[White "Baktiar, Hamd Mohammed"]
[Black "Lakat, Gyula"]
[Result "1-0"]
[WhiteElo "1830"]
[BlackElo "1836"]
[PlyCount "89"]
[EventDate "2015.08.01"]
[EventType "tourn"]
[EventRounds "11"]
[EventCountry "HUN"]
[SourceTitle "CBM 167 Extra"]
[Source "ChessBase"]
[SourceDate "2015.09.14"]
[SourceVersion "1"]
[SourceVersionDate "2015.09.14"]
[SourceQuality "1"]

1. c4 Nf6 2. g3 e6 3. Bg2 c5 4. Nf3 Nc6 5. 0-0 d5 6. cxd5 exd5 7. d4 cxd4 8. Nxd4 Bc5 9. Nb3 Bb6 10. Nc3 Be6 11. Bg5 Ne7 12. Bxf6 gxf6 13. e3 Qd7 14. Qf3 0-0-0 15. Qxf6 Kb8 16. Rfd1 h5 17. Qf4+ Bc7 18. Qa4 Qxa4 19. Nxa4 h4 20. Nd4 Bg4 21. Rd2 hxg3 22. hxg3 Ba5 23. Nc3 Bxc3 24. bxc3 Be6 25. Rb1 Rd7 26. Nxe6 fxe6 27. c4 Rhd8 28. cxd5 exd5 29. f4 Nf5 30. Bh3 Rf7 31. Bxf5 Rxf5 32. g4 Rf7 33. Rbd1 Rfd7 34. Kf2 Kc7 35. g5 Rd6 36. e4 d4 37. e5 Ra6 38. Kf3 Ra4 39. g6 Ra3+ 40. Kg4 d3 41. Kg5 Rd4 42. g7 Rd8 43. Kf6 Ra6+ 44. e6 Ra5 45. Rxd3 1-0

[Event "Budapest FS04 FM"]
[Site "Budapest"]
[Date "2015.04.05"]
[Round "2"]
[White "Lakat, Gyula"]
[Black "Steer, Jozsef"]
[Result "1/2-1/2"]
[WhiteElo "1781"]
[BlackElo "1810"]
[PlyCount "72"]
[EventDate "2015.04.04"]
[EventType "tourn"]
[EventRounds "9"]
[EventCountry "HUN"]
[SourceTitle "CBM 165 Extra"]
[Source "ChessBase"]
[SourceDate "2015.04.21"]
[SourceVersion "1"]
[SourceVersionDate "2015.04.21"]
[SourceQuality "1"]

1. d4 d5 2. c4 c6 3. Nc3 Nf6 4. Nf3 dxc4 5. a4 Bf5 6. Nh4 Bg6 7. Nxg6 hxg6 8. e4 e6 9. Bxc4 Bb4 10. f3 Qc7 11. e5 Nd5 12. Bd2 Qe7 13. Qe2 Qh4+ 14. Qf2 Nd7 15. g3 Qe7 16. Ne4 N7b6 17. Bb3 f5 18. Nc3 0-0-0 19. a5 Nd7 20. a6 b6 21. Rc1 Kb8 22. Nxd5 cxd5 23. 0-0 Rc8 24. Ba4 Bxd2 25. Qxd2 Rc4 26. b3 Rxc1 27. Rxc1 Rc8 28. Rxc8+ Kxc8 29. Qc3+ Kb8 30. Qc6 Nf8 31. f4 Qc7 32. Qe8+ Qc8 33. Kg2 Qxe8 34. Bxe8 Kc7 35. b4 Kd8 36. Bc6 Ke7 1/2-1/2